000 00688nam a22002417a 4500
001 95063
003 UA-OsUOA
005 20210725132835.0
007 ta
008 20130225b un ||||| |||| 00| 0 ukr d
040 _aUA-OsUOA
_brus
_cUA-OsUOA
_dUA-OsUOA
041 _arus
080 _a821.17
090 _a821.17
_bИ44
100 _aИлус В.
245 _aПосевы ветра
_bроман
260 _aМ.
_bСоветский писатель
_c1972
300 _a316 с.
650 7 _a82 Література. Літературознавство
_2UDC
942 _cBK
_2udc
955 _a3
999 _c381307
_d381307